| 000 | 01834nam0a2200409 4500 | ||
|---|---|---|---|
| 001 | RU\NLR\bibl\1012724 | ||
| 005 | 20250614231845.0 | ||
| 010 |
_a5-7035-1679-X _9100 |
||
| 021 |
_aRU _b2006-64865 _93246 |
||
| 035 | _a(nilc)RSL-KNO-002957205 | ||
| 035 | _a(NLR Aleph) 001000347 | ||
| 090 |
_a574673 _c574673 |
||
| 100 | _a20061010d2006 |||y0rusy50 ca | ||
| 101 | 0 | _arus | |
| 102 | _aRU | ||
| 105 | _aa ||||||||| | ||
| 106 | _ar | ||
| 200 | 1 |
_aСлучайные процессы. Модели и измерения _e[учеб. пособие] _fА. И. Заико |
|
| 210 |
_aМосква _cИзд-во МАИ _d2006 _eУфа _gРед.-издат. комплекс УГАТУ |
||
| 215 |
_a209 с. _cил. _d21 |
||
| 225 | 1 | _aДля вузов | |
| 320 | _aБиблиогр.: с. 193-195 (42 назв.) | ||
| 517 | 0 | _aМодели и измерения | |
| 606 | 1 |
_aСлучайные процессы _jУчебные издания для высших учебных заведений _91132500 _3RU\NLR\auth\66130790 |
|
| 610 | 0 | _aФизико-математические науки -- Математика -- Теория вероятностей и математическая статистика -- Теория вероятностей -- Случайные процессы и случайные функции -- Учебник для высшей школы | |
| 610 | 0 | _aмодели случайных процессов | |
| 686 |
_aВ171.5я73-1 _2rubbk |
||
| 686 |
_aЗ811.1я73-1 _2rubbk |
||
| 686 |
_aЗ842.7я73-1 _2rubbk |
||
| 686 | _aВ171.5я73-1 | ||
| 700 | 1 |
_aЗаико _bА. И. _gАлександр Иванович _4070 |
|
| 801 | 0 |
_aRU _bРКП _c20061010 _grcr |
|
| 801 | 1 |
_aRU _bРГБ _c20061010 |
|
| 801 | 2 |
_aRU _bNLR _c20061123 _grcr |
|
| 942 | _cBOOK | ||
| 980 | _aNB | ||